{"text_format":"3","workbook":"xlsx","n_sheets":1,"sheets":["Sheet1"],"read":"whole","date_system":"1900"}

{"sheet":"Sheet1","index":0,"n_rows":40,"n_cols":10,"rows_kept":40,"merged":[[0,0,0,9],[2,1,2,2],[9,1,9,2],[11,1,11,2],[12,0,13,0],[12,1,13,1],[12,2,13,2],[12,3,13,3],[12,4,13,4],[12,5,13,5],[12,6,13,6],[12,7,13,7],[12,8,13,8],[12,9,13,9],[14,1,14,2],[19,0,26,0],[19,1,26,1],[19,2,26,2],[19,3,26,3],[19,4,26,4],[19,5,26,5],[19,6,26,6],[19,7,26,7],[19,8,26,8],[19,9,26,9],[27,1,27,2],[30,1,30,2],[38,0,38,5],[39,0,39,9]]}
["2023年“P”项目弱电工程招标清单及报价表"]
["序号","项目名称","项目特征描述","计量\r\n单位","工程量","全费用单价限价（元）","限价合价","班组所报全费用单价（元）","合价（元）","备注"]
[" ","弱电总坪 ",""," ",null,"","",null,null,""]
[1,"挖填沟槽土石方","1.土壤类别 ：现场综合考虑\r\n2.挖土深度 ：满足设计及规范要求\r\n3.弃土运距 ：现场综合考虑\r\n4.开挖方式：按现场实际综合考虑。\r\n5.开挖时需对现场已完工程进行保护，若发生破坏须进行恢复。该部分已综合考虑到单价内，不再单独计费。","m3",300,20,{"$f":"F4*E4","v":6000}]
[2,"回填方","1.填方材料品种：综合，但需满足设计要求\n2.密实度：回填土分层夯填，压实系数满足设计要求\n3.回填土来源、装土方式及场内外运输方式、运距：投标人自行确定\n4.其他：满足石方回填要求的石方大改小费用含在该单价中，由投标人综合考虑\n5.做法：满足设计及现行施工技术、质量验收规范要求\n6.综合单价含完成该工作所需的人工，材料（含主材、辅材、周转材料），机械费（含机械的进出场费），措施费（安全文明施工费、季节性施工、临时设施、夜间施工、二次搬运等）、规费、税金等所有相关费用。","m3",260,10,{"$f":"F5*E5","v":2600}]
[3,"余方弃置","1.废弃料品种：土方、石方综合（含淤泥），以及现场建(废)渣综合\n2.装取土方式：综合\n3.弃土、石（渣）场及场外运距：投标人自行踏勘现场考虑、自主确定弃土、石场及运距（含弃渣、土、石场费用、弃土费）\n4.做法：满足设计及现行施工技术、质量验收规范要求\n5.综合单价含完成该工作所需的人工，材料（含主材、辅材、周转材料），机械费（含机械的进出场费），措施费（安全文明施工费、季节性施工、临时设施、夜间施工、二次搬运等）、规费、税金等所有相关费用。","m3",100,15,{"$f":"F6*E6","v":1500}]
[4,"电缆保护管PVC-U20","1.名称 ：配管\n2.材质、规格：刚性阻燃管UPVC20\n3.接地要求 ：按设计要求\n4.其他满足设计及规范要求","m",870,10,8700,null,null,""]
[5,"电缆保护管PVC-U25","1.名称 ：配管\n2.材质、规格：刚性阻燃管 UPVC25\n3.接地要求 ：按设计要求\n4.其他满足设计及规范要求","m",3500,11.5,40250]
[6,"4*RC150柔性钢套管","1.名称 ：柔性钢套管\n2.规格、型号：4*RC150\n3.部位：监控主机、广播主机引出\n4.其他满足设计及规范要求","个",8,1300,10400]
[null,"控制箱"]
[7,"室外监控控制箱JK01-04","1.名称 ：室外监控控制箱\n2.规格、型号：1600*1000*580 \n3.箱体材质：3mm厚304不锈钢，防护等级IP65；满足强制3C认证，含UPS及配电端子箱,5kVA,后备60分钟，光纤64芯ODF配线盘/光纤收发器\n广播设备:光端机/IP网络适配器/功放/光收发器,IP65\n4.基础形式、材质、规格 ：混凝土基础，满足设计及规范要求\n5.防雷器组：信号防雷,室外广播定压信号防雷\n6.合并式功放：1200W,带前置放大,多通道输入,机柜服务器式结构\n7.IP网络适配器：音频信号输出接口,可同时外接不少于3台功率放大器,工业级机柜式结构\n8.箱体接地：-40x4热镀锌扁钢，(与总接地线焊联)4根 (50x50x5热镀锌角钢)，满足设计及规范要求 \n9.安装方式：落地式","台",4,2300,9200]
[null,"停车场系统"]
[8,"停车场出入口成品道闸（一进一出）","一.名称：停车场出入口成品道闸（一进一出）\n1. 车辆全向道闸，≥3米八角杆，不区分左/右向，最快开闸时间≤0.9秒，具有≥1个防砸雷达、≥2个遥控器；\n2. 采用不低于直流电机控制，支持起、落杆时间调整，起、落杆速度不低于三档可调，支持起、落杆加减速调整，实现快速起竿、慢速落杆；\n3. 道闸上电后，会自动寻找开到位和关到位，有开到位、关到位信号输出；（需提供公安部所属检验机构出具的检测报告复印件并加盖制造商鲜章证明）\n4. 可通过数码管显示当前运行状态，故障时显示故障代码，并可显示参数设置菜单；（需提供公安部所属检验机构出具的检测报告复印件并加盖制造商鲜章证明）\n5. 设备具有开启优先功能，当栏杆处于非放行状态而收到放行指令时，能立即运行到放行状态；（需提供公安部所属检验机构出具的检测报告复印件并加盖制造商鲜章证明）\n6. 检测车辆的信号从有车到无车时，能控制驱动部分驱动栏杆运行到禁行状态；（需提供公安部所属检验机构出具的检测报告复印件并加盖制造商鲜章证明）\n7. 设备具有消防接口（开关量），当系统接收到开关量信号时，闸机可自动打开处于放行状态；（需提供公安部所属检验机构出具的检测报告复印件并加盖制造商鲜章证明）\n8. 具有≥1组手柄控制接口，≥1组开/关到位输出接口，≥1组开/关/停控制信号接口，≥1组红外/地感防砸信号接口，≥1组保护接口（外接压力电波等保护设备），≥1组485控制接口，防护等级不低于IP54。\n★ 9. 车牌抓拍机，出入口补光抓拍一体机，包含防护罩、摄像机、镜头、补光灯等，分辨率和帧率不低于1920*1200@25fps，采用电动变焦镜头，补光灯白光红外可切换；\n10. 支持视频触发、线圈触发、雷达触发等多种触发方式，视频触发车辆捕获率≥99%；支持车牌识别、车型识别、车标识别、车辆子品牌，车身颜色识别；\n11. 支持对部分污损车牌及遮挡面积不超过1/3的车牌进行检测和识别；（需提供公安部所属检验机构出具的检测报告复印件并加盖制造商鲜章证明）\n12. 车牌触及检车线至设备发出抬杆信号的响应时间≤1s；（需提供公安部所属检验机构出具的检测报告复印件并加盖制造商鲜章证明）\n13. 支持对打印车牌，单独车牌照片等虚假车牌进行过滤；（需提供公安部所属检验机构出具的检测报告复印件并加盖制造商鲜章证明）\n14. 支持大车锁闸功能，当视频判断为大货车过车时道闸不落杆；（需提供公安部所属检验机构出具的检测报告复印件并加盖制造商鲜章证明）\n15. 支持于连续过车模式，连续过车时道闸不落杆；（需提供公安部所属检验机构出具的检测报告复印件并加盖制造商鲜章证明）\n二.工作内容：DS-TMG520-H(3米八角杆)(含雷达)、嵌入式车牌识别摄像机DS-TCG2XX-ZLH及立柱（印泸州城市图标（金色图标白色字）、出入口显示屏、光纤收发器、管理主机、手动控制按钮、对讲主机、配线配管、地感线、停车场道闸管理软件系统及调试、安全岛、收费主机、交换机、显示器（含鼠标键盘）、辅材等。\n三.其他满足设计及规范要求\n\n\n","套",2,25000,{"$f":"F13*E13","v":50000}]
[]
[null,"监控系统"]
[9,"红外全球摄像机","1.名称 ：红外全球摄像机\n2.参数要求：红外，最低照度彩色0.3LUX,黑白、焦距/变焦倍数4.45-89mm/20X,分辨率1920*1080P(FHD),自带云台 、含摄像机保护罩。\n3.安装方式：详设计；\n4.监控立杆及安装支架：4米镀锌摄像机专用立杆(立杆材料厚度3.0MM,长度4米,)，基础定位法兰采用300x300x10的钢板制作。地脚螺栓采用镀锌M22螺纹钢制作，钢筋箍扎采用φ6圆钢制作。\n5.接地、防雷：接地采用热镀锌角钢L50*50*5、电源防雷器及信号防雷器满足国家标准要求；\n6.监控设备箱：50*300*150 不锈钢箱体 IP65；内部元件及骨架详监控系统图全配置；\n7.基础：C15混凝土支墩，800*800*1000；\n8.基础开挖及回填方式综合考虑；满足设计及规范要求\n9.设备品牌要求：浙江大华或海康威视或天地伟业\n10.其他：满足设计及规范要求","套",66,3200,{"$f":"F16*E16","v":211200},null,null,""]
[10,"红外枪型摄像机","一.名称：红外枪型摄像机\n二.参数要求：1. 最大分辨率和帧率≥1920×1080、25帧/秒，内置电动变焦镜头，支持H.265/H.264编码；\n2. 内置不低于200万像素CMOS传感器，不低于3mm-13mm、F1.0镜头，内置1颗GPU或集CPU、NPU、 GPU一体的芯片，内置≥2个麦克风；（需提供公安部所属检验机构出具的检测报告复印件并加盖制造商鲜章证明）\n3. 补光灯开启后，正面不可见补光灯灯珠，补光亮度均匀，无明显波纹状、圆环状、麻点状、条纹状及不规则亮斑，应能根据环境照度、目标曝光、镜头倍率自动调节补光灯亮度；（需提供公安部所属检验机构出具的检测报告复印件并加盖制造商鲜章证明）\n4. 支持设备重启和布防动态报警数据感知与记录功能，布防动态报警数据包括异常掉线、历史布防、实时布防等类型，应能记录报警的开始时间、结束时间、布防类型、报警链路地址、端口、链路续传；（需提供公安部所属检验机构出具的检测报告复印件并加盖制造商鲜章证明）\n5. 支持耀光抑制，耀光区域≤1%，支持登录时长限制功能，当登录后无操作时间达到设置值后，支持自动退出并重新进入登录界面；（需提供公安部所属检验机构出具的检测报告复印件并加盖制造商鲜章证明）\n6. 支持PoE供电，具有DC12V电源输出接口，≥1对音频输入/输出接口、≥1对报警输入/输出接口、≥1个RS-485接口、≥1个存储卡接口，具有白光、红外补光灯，补光距离≥30米，防护等级不低于IP66。\n三.安装方式：详设计；\n四.监控支架：含支架及支架固定螺栓\n五.接地、防雷：接地采用热镀锌角钢L50*50*5、电源防雷器及信号防雷器满足国家标准要求；\n六.终端接线箱：内部元件详监控系统图全配置；\n七.基础：C15混凝土支墩，800*800*1000；\n八.基础开挖及回填方式综合考虑；满足设计及规范要求；\n九.设备品牌要求：浙江大华或海康威视或天地伟业\n十.其他：满足设计及规范要求","套",4,750,{"$f":"F17*E17","v":3000}]
[11,"摄像机电源适配箱","1.名称：摄像机电源 \n2.规格：300x250x150(lxwxh),IP65,配套电源适配器,避雷器等\n3.安装方式：安置与室外设备柜内\n4.其余要求：满足规范及验收要求","套",68,200,{"$f":"F18*E18","v":13600}]
[12,"网络光纤收发器","1.名称：网络光纤收发器\n2.规格：百兆光电转设备\n3.安装方式：安置与室外设备柜内\n4.其余要求：满足规范及验收要求","对",68,100,{"$f":"F19*E19","v":6800}]
[13,"监控控制及管理系统","一.监控控制及管理系统\n二.数据服务器E5-2620v2,自适应网卡,服务器 1套\n1. 支持人员信息采集，可对人脸照片质量进行评价，采集方式包括但不限于：通过采集设备在线采集人脸、指纹、身份证信息；通过APP方式采集人脸照片；通过人证比对设备离线或在线采集人脸照片；通过平台批量导入人脸照片，支持验证照片命名、大小和质量是否符合要求；（需提供公安部所属检验机构出具的检测报告复印件并加盖制造商鲜章证明）\n2. 支持多类数据自定义扩展，包括但不限于门禁事件展示信息与查询信息自定义扩展、考勤数据来源自定义扩展、考勤事件类型自定义扩展、考勤规则自定义扩展、巡更点自定义扩展、车辆和卡片信息自定义扩展、停车场放行规则自定义扩展、停车场收费规则自定义扩展、停车场支付方式自定义扩展；（需提供公安部所属检验机构出具的检测报告复印件并加盖制造商鲜章证明）\n3. 支持电视墙场景管理和场景切换，支持对大屏进行1/4/9/16/25分屏、拼接、开窗、窗口漫游的操作，支持在iPad或其他平板电脑上操作监控点上墙、拼接、分屏、漫游、预案切换等操作；（需提供公安部所属检验机构出具的检测报告复印件并加盖制造商鲜章证明）\n4. 支持以脸搜脸，对人脸图片进行检索，支持以脸搜脸的多脸模式，上传一张图片中有多个人脸时，可对图片中的多个人脸一次识别后依次选择进行以脸搜脸；（需提供公安部所属检验机构出具的检测报告复印件并加盖制造商鲜章证明）\n5. 支持对监控点、编码设备的在线状态进行巡检，支持以统计图方式展示巡检结果，支持监控图像视频质量诊断，支持图像偏色、噪声干扰、图像过暗、图像过亮、视频丢帧、视频抖动、对比度异常、条纹干扰、视频遮挡、信号丢失、图像黑白、图像模糊、场景变换等；（需提供公安部所属检验机构出具的检测报告复印件并加盖制造商鲜章证明）\n三.监控操作计算机i5,3.2G LED 24\" 2台 （配备鼠标键盘）\n四.千兆以太网交换机1000M,30G背板带宽,40电口,2光口 3套/5、监控台1200宽x750高x900深,钢制,含座椅 2面/6、监控管理软件配套 1套\n五.硬件防火墙支持VPN,入侵检测:DOS,DDOS 1套\n1.支持漏洞扫描功能，漏洞扫描可以根据内置的默认模板以及自定义模板进行扫描，扫描的信息包含但是不限于漏洞名称、CVE-ID、CNNVD-ID等信息并且可以跳转到详情页面进行查看。（提供功能截图，加盖投标人鲜章）\n2.为了保障防火墙对网络攻击的有效防御，系统预定义超过11000条主流攻击规则，包含对应IPS规则的级别、防护对象、操作系统、CVE编号等详细信息。（提供功能截图，加盖投标人鲜章并提供第三方权威机构相关证明材料）\n3.支持威胁情报检测能力，包含但是不限于检测C&C、勒索软件、僵尸网络、挖矿软件、矿池地址等安全攻击类型。（提供功能截图，加盖投标人鲜章并提供第三方权威机构相关证明材料）\n4.安全模式支持智能模式和普通模式。在普通模式下，安全引擎处理网络报文遇到资源不足时会将报文直接丢弃，会影响网络转发；在智能模式下，安全引擎将尽可能的处理网络报文，但不影响网络转发。（提供功能截图，加盖投标人鲜章）\n六.三维控制键盘键盘带摇杆,通过硬盘录像机对高速球进行视野控制 1套\n七.网络数字硬盘录像机8TB;视频输入64路;分辨率:CIF~5M;5个SATAHDD 1套（全天候24小时高清，录像保存30天）\n1. 支持内置不少于9个SATA接口硬盘，支持存储安全保障功能，当存储压力过高或硬盘出现性能不足时，可优先录像业务存储；（需提供公安部所属检验机构出具的检测报告复印件并加盖制造商鲜章证明）\n2. 不少于2个HDMI接口和1个VGA接口，支持≥3组异源输出，每组输出可独立配置全局音频预览；（需提供公安部所属检验机构出具的检测报告复印件并加盖制造商鲜章证明）\n3. 最大支持不低于8K输出，两个接口可同时支持不低于双4K异源输出，显示输出分辨率支持8K(7680 ×4320)，4K (3840×2160) 等；（需提供公安部所属检验机构出具的检测报告复印件并加盖制造商鲜章证明）\n4. 支持接入带有温度报警、烟雾报警、障碍物遮挡报警、移动报警、防拆报警、紧急报警等功能的摄像机，支持联动录像、抓拍图片、弹出画面、声音警告、上传中心、发送邮件、触发报警输出，支持按通道、时间、类型检索报警图片，支持图片和列表两种形式展现录像搜索结果；（需提供公安部所属检验机构出具的检测报告复印件并加盖制造商鲜章证明）\n5. 支持接入≥64路支持高空抛物行为检测的IPC，支持联动录像、抓图、蜂鸣报警、预置点、邮件、本地报警输出、IPC报警输出、日志记录，支持按通道、日期对高空抛物行为进行录像检索、关联录像回放、导出图片；（需提供公安部所属检验机构出具的检测报告复印件并加盖制造商鲜章证明）\n八.网络数字硬盘录像机8TB;视频输入16路;分辨率:CIF~5M;1个SATAHDD 1套（全天候24小时高清，录像保存30天）\n九.3*3,49寸,支持最大分辨率为1920×1200@60Hz 拼接监视墙包含拼12.接处理器、软件、线缆、箱柜、机架等附件 1套\n1. 监控电视墙，对角线尺寸≥49英寸，物理分辨率≥1920×1080，响应时间≤8ms，≥1个HDMI输入接口、≥1个DVI输入接口。\n2. 物理拼缝≤3.5mm，亮度≥500cd/㎡，对比度≥1200:1，水平、垂直视场角均≥178°。\n3. 支持设置开机延时时间，设备开机时根据延时时间执行开机动作，延时时间不低于0-3000ms可调。（需提供首页具有CNAS标识的检测报告复印件并加盖制造商鲜章证明）\n4. 设备支持节能模式，打开节能模式后，对应拼接单元上会依次显示实时百分比功率、实时功率、累计功率等项目。（需提供首页具有CNAS标识的检测报告复印件并加盖制造商鲜章证明）\n5. 支持图像静止功能，可将某一帧图像持续显示，图像静止关闭时，恢复正常显示。（需提供首页具有CNAS标识的检测报告复印件并加盖制造商鲜章证明）\n6. 设备具有不断电待机功能，待机功耗≤0.5W，当无任何信号输入时，设备在规定时内自动待机节能，当有信号接入时，设备能够快速开机显示。（需提供首页具有CNAS标识的检测报告复印件并加盖制造商鲜章证明）\n7. 支持信源自动切换功能，当有新信号输入时，自动切到相应信源，当前显示信源断开后，自动切到下一个有信号的信源。（需提供首页具有CNAS标识的检测报告复印件并加盖制造商鲜章证明）\n8. 内置智能系统，可快速读取显示屏信息，包括屏幕背光源、亮度、对比度、分辨率等，具有配套控制软件，可通过串口控制屏幕，不需要遥控器的接入，实现遥控器的所有功能。（需提供首页具有CNAS标识的检测报告复印件并加盖制造商鲜章证明）\n9. 支持定制开机LOGO、不显示LOGO，定制开机LOGO下，无需升级软件可任意定制LOGO，支持LOGO自拼接，当拼接墙设置好拼接参数后开机，LOGO会根据行列位置进行自拼接显示。（需提供首页具有CNAS标识的检测报告复印件并加盖制造商鲜章证明）\n10. 解码设备采用嵌入式架构，高度≤2U，具有≥10个HDMI 1.4输出接口、≥2个HDMI 1.4输入接口、≥2个千兆网口、≥2个光口； 支持通过设备抓屏软件，将远程电脑桌面实时解码上墙显示，画面帧率应支持≥30fps，支持同时抓取≥8个任务上墙、≥8个4K信号，不消耗CPU性能，支持在电视墙进行8画面分割同时显示，支持对桌面进行整屏、单窗口、自定义区域抓屏上墙；（需提供首页具有CNAS标识的检测报告复印件并加盖制造商鲜章证明）\n11. 支持对输入的视频画面进行90°、180°、270°旋转显示，支持回字形拼接，支持对解码的IPC输出的画面进行旋转，支持90°、180°左旋和90°、180°右旋；（需提供首页具有CNAS标识的检测报告复印件并加盖制造商鲜章证明）\n12. 支持直连前端人脸检测设备，支持实时展示人脸检测结果，包括口罩、眼镜、年龄、性别、表情等属性信息，属性可直接叠加画面显示；（需提供首页具有CNAS标识的检测报告复印件并加盖制造商鲜章证明）\n13. 支持接入智能行为分析摄像机，支持解码显示智能行为分析信息，包括越界入侵、区域入侵、移动侦测、起身离开等，并上传报警信息；（需提供首页具有CNAS标识的检测报告复印件并加盖制造商鲜章证明）\n14. 支持PC软件客户端、WEB 客户端、平台客户端、可视化触控平台等方式访问管理；（需提供首页具有CNAS标识的检测报告复印件并加盖制造商鲜章证明）\n15. 支持通过平台/客户端界面查看屏幕运维信息，包括使用时长、序列号、温度、亮度、显示模式日支持下发配置屏幕参数；（需提供首页具有CNAS标识的检测报告复印件并加盖制造商鲜章证明）\n16. 支持通过自动识别屏幕的行列号信息，并能根据行列号信息，自动生成对应的电视墙规模和绑定输出口关系；（需提供首页具有CNAS标识的检测报告复印件并加盖制造商鲜章证明）\n17. 支持自动检测输入源的信号类型，根据信号源类型和显示位置，自动配置信号源所在屏幕的显示场景模式；（需提供首页具有CNAS标识的检测报告复印件并加盖制造商鲜章证明）\n18. 支持远程开关机控制，实现拼接墙整墙的开关机、定时开关机操作，支持远程控制拼接墙整墙或单屏亮度调节、图像模式配置或系统参数展示；（需提供首页具有CNAS标识的检测报告复印件并加盖制造商鲜章证明）\n19. 产品符合GB/T 28181-2022公共安全视频监控联网系统信息传输、交换、控制技术要求。（需提供首页具有CNAS标识的检测报告复印件并加盖制造商鲜章证明） \n十.矩阵切换器HDMI,4进12出,配套软件 1套/14、高清解码器8通道 1套\n十一.一键式报警装置与110联网,断电报警,支持手机电话远程报警 1套\n十二.UPS柜5kVA 1h;含配电元器件等 2套\n十三.设备机柜19\",32U,600x600x2000标准机柜,含设备配电元器件 2套\n十四.防静电地板30㎡,H=250 1套\n十五.做法满足设计及规范要求","套",1,85000,{"$f":"F20*E20","v":85000}]
{"$rows_empty":7}
[null,"公共广播系统"]
[14,"广播中心管理系统","1.广播中心管理系统\n2.工作内容含：广播专用32u机柜（公园监控室内安装）、交换机、IP网络有源监听音箱、IP网络远程寻呼站+软件、数据转换IP终端、节目定时器、IP网络广播控制中心+管理平台、前置放大器、数字调谐器、CD播放器、广播话筒等\n3.做法满足设计及规范要求","套",1,30000,{"$f":"F29*E29","v":30000}]
[15,"室外环保仿真音箱","1.室外环保仿真音箱，样式由业主选定\n2.混凝土基础底座300*300*400\n3.做法满足设计及规范要求","套",103,800,{"$f":"F30*E30","v":82400}]
[null,"综合布线"]
[16,"2芯单模光缆","1.2芯单模光缆\n2.规格：2芯单模光缆 GYTS-2B1.3 \n3.敷设方式：满足设计及规范要求","m",21191.15,2.8,{"$f":"F32*E32","v":59335.22},null,null,""]
[17,"网路双绞线 CAT6","1.网络双绞线\n2.GAT6 \n3.敷设方式:管内\n4.做法满足设计及规范要求","m",21191.15,2.6,{"$f":"F33*E33","v":55096.99}]
[18,"电力电缆 RVVP-3×1.5","1.名称 ：电源线(含接头)\n2.型号、规格：RVVP-3*1.5； \n3.电线电缆品牌要求：塔牌电缆或熊猫电缆或长城电缆\n4.其余做法满足规范及验收要求","m",21191.15,15,317867.25]
[19,"电力电缆 RVVP-2×6","1.名称 ：电源线(含接头)\n2.型号、规格：RVVP-2*6； \n3.电线电缆品牌要求：塔牌电缆或熊猫电缆或长城电缆\n4.其余做法满足规范及验收要求","m",3556.31,26,92464.06]
[20,"电力电缆 YJV-0.6KV/1KV-3×10","1.名称 ：电源线(含接头)\n2.型号、规格：YJV-0.6KV/1KV-3×10 \n3.电线电缆品牌要求：塔牌电缆或熊猫电缆或长城电缆\n4.其余做法满足规范及验收要求","m",4665.15,37,172610.55]
[21,"电力电缆 YJV-5×10","1.名称 ：电源线\n2.型号、规格：YJV-0.6KV/1KV-5×10 \n3.电线电缆品牌要求：塔牌电缆或熊猫电缆或长城电缆\n4.其余做法满足规范及验收要求","m",305.03,48,14641.44]
[22,"PC25","1.名称 ：配管\n2.材质 规格：PC25","m",500,3.5,1750]
["合    计","","","","","",{"$f":"SUM(G4:G38)","v":{"v":1274415.51,"d":"1,274,415.51"}},null,null,""]
["特别说明：\n1、工程招标和分包范围：施工内容包含但不限于弱电总坪、控制箱、停车场系统、监控系统公共广播系统、综合布线等部分劳务施工，调试合格后验收，具体施工内容详见工程量清单，清单数量为暂定数量，具体实施数量以现场安排为准。工程质保期为2年；\n2.投标人根据施工工艺、工序及国家现行规范自行踏勘现场后综合考虑进行报价，结算时不作调整;\n3.全费用综合单价包含人工费、所有材料费（含辅材和周转材料费）、机械设备费、工具器具费、临时设施及措施费、大型机械进出场及场内转运费、下车费、吊装费、规费、管理费、配合费、安全文明施工费、以及各种风险费、保险费、施工过程中办理的各种手续费、降水费、排水费、各种检测费、利润、税费等完成该工作所需的全部费用，结算时无论涨跌、工程量增减或其它任何风险因素，均不作调整。\n4.投标人自行考虑自备发电机发电和水车运水等保障正常施工措施，其费用综合考虑在投标报价中，不再另计。\n5.现场安全环保文明施工管理要求：（1）由公司统一发放印有“兴绿园林”字样和LOGO的安全帽和反光背心，班组按实名制领取，使用完后交回项目部，否则按采购费用扣款，其余参照合同附件中安全环保管理协议执行。（2）现场雾炮机由甲方提供，投标单位需安排人员管理使用，人工费、油费及管理费用综合考虑到投标报价中，不单独计取。  （3）防尘网由甲方提供，投标单位安排人员进行覆盖、回收、现场转移等，人工费综合考虑到投标报价中，不单独计取。\n6.施工中所用临时配电箱、用电线路、开关箱、机具等从建设方提供的接口处接出，所有材料、设备及安装费用含在综合单价中。\n7.本工程所涉及的脚手架均已包含在各项综合单价内，不再单独计算。\n8.材料需满足品牌品质要求。\n9.监控设备及室外音箱样式应先由甲方确认后实施，所有设备检测检验报告均须带二维码识别。\n\n"]